| 000 | 00978nam a2200313 a 4500 | ||
|---|---|---|---|
| 001 | 25212 | ||
| 003 | CO-ViMGA | ||
| 005 | 20230915232047.0 | ||
| 006 | a5347550 | ||
| 008 | 141112s2004 ck r 000 u spa d | ||
| 015 | _aMON1305 | ||
| 017 | _aB 29201 - 2012 Oficina Depósito Legal Barcelona | ||
| 020 | _a9788426374738 | ||
| 040 |
_aCO-ViMGA _bspa _cCO-ViMGA |
||
| 080 | _a087.5 : 82 | ||
| 090 | _aSCHe | ||
| 100 | 1 |
_aSchever, Rikky _938394 |
|
| 245 | 1 | 0 |
_aEstegosaurio / _cRikky Schever, ilustraciones Maat Baay, traducción Celia Turrión Penelas |
| 260 |
_aBarcelona : _bEditorial Luis Vives, _c2010 |
||
| 300 | _a[7 h] : il. | ||
| 336 | _aImagen (fija ; bidimensional ; visual) Texto (visual) | ||
| 337 | _asin mediación | ||
| 500 | _aLibro en espuma, troquelado | ||
| 650 | 1 | 4 |
_aDinosaurios - cuentos infantiles _938395 |
| 700 | 1 |
_aBaay, Matt, tr. _938396 |
|
| 926 | _aBNALCALA SG_PETANTI 12/913046 FONDO_MODE 1 | ||
| 942 |
_2ddc _cBK |
||
| 956 | _a2 | ||
| 999 |
_c32838 _d32838 |
||